|
|
|
|
| LEADER |
00680cam a2200193 7i4500 |
| 001 |
0000029175 |
| 005 |
20021103090000.0 |
| 020 |
# |
0 |
|a 1861004826
|
| 090 |
0 |
0 |
|a QA 76.9
|b D3 K99
|
| 100 |
1 |
# |
|a Kyte
|
| 245 |
1 |
0 |
|a Expert one-on-one Oracle
|c Thomas Kyte.
|
| 260 |
# |
# |
|a Birmingham, UK:
|b WROX Press,
|c 2001..
|
| 300 |
# |
# |
|a xix, 1297 p.:
|b ill.;
|c 24 cm..
|
| 500 |
# |
# |
|a "Programmer to programmer"--Cover.
|
| 500 |
# |
# |
|a "Programming techniques and solutions for Oracle 7.3, 8.0.X, and 8i (through to 8.1.7)"--Cover
|
| 504 |
0 |
0 |
|a Includes index.
|
| 650 |
0 |
0 |
|a Oracle (Computer file)
|
| 650 |
0 |
0 |
|a aRelational databases
|
| 999 |
|
|
|a 1100011121
|b Book
|c Bahan Pinjaman Jangka Panjang
|e KOLEKSI PERPUSTAKAAN
|